000 01150cam a22002894a 4500
001 12903667
003 OSt
005 20180117085955.0
008 020822s2003 njua b 001 0 eng
010 _a 2002033867
020 _a0805839984 (alk. paper)
040 _aDLC
_cDLC
_dDLC
042 _apcc
050 0 0 _aBF637.C6
_bC65 2003
082 0 0 _a158/.3
_221
245 0 0 _aCounseling psychology and optimal human functioning /
_cedited by Bruce Walsh.
260 _aMahwah, N.J. :
_bL. Erlbaum Associates,
_c2003.
300 _axi, 325 p. :
_bill. ;
_c24 cm.
504 _aIncludes bibliographical references and indexes.
650 0 _aCounseling psychology.
700 1 _aWalsh, W. Bruce,
_d1936-
856 4 2 _3Publisher description
_uhttp://www.loc.gov/catdir/enhancements/fy0709/2002033867-d.html
906 _a7
_bcbc
_corignew
_d1
_eocip
_f20
_gy-gencatlg
942 _2ddc
_cBK
999 _c3024
_d3024